00806nabaa22001697a 4500003000400000005001700004008004100021040000700062100003100069245014200100300001300242505012300255505008900378650002700467653002200494773012000516OSt20260122224252.0190701b xxu||||| |||| 00| 0 spa d cPJ aDaroca, Mauricio Emiliano 13aLa apropiación privada de los bienes del Estado y la urgente necesidad de la defensa del dominio público /cMauricio Emiliano Daroca. ap. 37-45 aSumario: I. Introducción.— II. La anomia con relación a la tutela de los bienes del Estado.— III. Conclusiones t¿Te interesa el texto completo? Comunicate al correo: koha@justierradelfuego.gov.ar 0aDERECHO ADMINISTRATIVO aBIENES DEL ESTADO0 02842dBuenos Aires : AbeledoPerrot, 2012-oDA121tDerecho administrativo. Nº 149 septiembre/octubre 2023z18510590